España, 1930-36 / (Record no. 146903)

MARC details
000 -LEADER
campo de control de longitud fija 00792nam a2200229 i 4500
001 - NÚMERO DE CONTROL
campo de control 146903
003 - IDENTIFICADOR DE NÚMERO DE CONTROL
campo de control ES-MaACL
005 - FECHA Y HORA DE LA ÚLTIMA TRANSACCIÓN
campo de control 20250512063035.0
007 - CAMPO FIJO DE DESCRIPCIÓN FÍSICA--INFORMACIÓN GENERAL
campo de control de longitud fija t|
008 - DATOS DE LONGITUD FIJA--INFORMACIÓN GENERAL
campo de control de longitud fija 070919s1977 sp ||||1| spa d
080 ## - NÚMERO DE LA CLASIFICACIÓN DECIMAL UNIVERSAL
Número de la Clasificación Decimal Universal 946.0"1931/39"
100 1# - ENTRADA PRINCIPAL--NOMBRE DE PERSONA
Nombre de persona Trotsky, Leon,
Fechas asociadas al nombre 1879-1940
9 (RLIN) 240350
245 10 - MENCIÓN DEL TÍTULO
Título España, 1930-36 /
Mención de responsabilidad, etc. Leon Trotsky ; [traducción de Acacio Puig Mediavilla y José Luis Pérez Herrero ; prólogo de Miguel Orozco].
260 ## - PUBLICACIÓN, DISTRIBUCIÓN, ETC.
Lugar de publicación, distribución, etc. [Madrid] :
Nombre del editor, distribuidor, etc. Akal,
Fecha de publicación, distribución, etc. [1977]
300 ## - DESCRIPCIÓN FÍSICA
Extensión 301 p. ;
Dimensiones 21 cm.
651 #4 - PUNTO DE ACCESO ADICIONAL DE MATERIA--NOMBRE GEOGRÁFICO
Nombre geográfico España-
Subdivisión general Historia-
Subdivisión cronológica 1931-1939, II República.
9 (RLIN) 8283
700 1# - ENTRADA AGREGADA--NOMBRE PERSONAL
Nombre de persona Puig Mediavilla, Acacio.
9 (RLIN) 94269
700 1# - ENTRADA AGREGADA--NOMBRE PERSONAL
Nombre de persona Pérez Herrero, José Luis.
9 (RLIN) 90939
700 1# - ENTRADA AGREGADA--NOMBRE PERSONAL
Nombre de persona Orozco, Miguel.
9 (RLIN) 87336
852 ## - LOCALIZACIÓN
Ubicación ES-MaACL
Número de control de estantería A-6774
Sublocalización o colección R.95981
Holdings
Estatus retirado Estado de pérdida Estado de daño No para préstamo Biblioteca de origen Biblioteca actual Ubicación en estantería Fecha de adquisición Fuente de adquisición Total de préstamos Signatura topográfica completa Código de barras Visto por última vez Precio de reemplazo Tipo de ítem Koha
        Biblioteca del Ateneo de Madrid Biblioteca del Ateneo de Madrid Sala Pecera Planta 1 17/01/2008     A-6774 1153315 23/02/2023 23/02/2023 Libro impreso